书目信息 |
| 题名: |
毛泽东周恩来刘少奇朱德论党的宣传工作
|
|
| 作者: | ;中共中央宣传部 编 | |
| 分册: | ||
| 出版信息: | 北京 中共中央党校出版社 1989.08 |
|
| 页数: | 443页 | |
| 开本: | 21cm | |
| 丛书名: | ||
| 单 册: | ||
| 中图分类: | D261.5 | |
| 科图分类: | ||
| 主题词: | 中国共产党--宣传工作 | |
| 电子资源: | ||
| ISBN: | 7-5035-0138-3 | |
| 000 | 00660nam0 2200193 45 | |
| 001 | 0506291442 | |
| 005 | 20050630082432.3 | |
| 010 | @a7-5035-0138-3@dCNY5.70 | |
| 100 | @a20050629d1989 km y0chiy0120 ea | |
| 101 | 0 | @achi |
| 105 | @a z 000yy | |
| 200 | 1 | @a毛泽东周恩来刘少奇朱德论党的宣传工作@AMao Ze Dong Zhou En Lai Liu ShaoQi Zhu De Lun Dang De Xuan Chuan Gong Zuo@f中共中央宣传部编@FZhong Gong Zhong Yang Xuan Chuan Bu Bian |
| 210 | @a北京@c中共中央党校出版社@d1989.08 | |
| 215 | @a443页@d21cm | |
| 606 | 0 | @a中国共产党@x宣传工作 |
| 690 | @aD261.5@v3 | |
| 711 | 02 | @a中共中央宣传部@4编 |
| 801 | @aCN@bPftUser@c20050629 | |
| 905 | @f1@b226449@dD261.5@e36 | |
| 毛泽东周恩来刘少奇朱德论党的宣传工作/中共中央宣传部编.-北京:中共中央党校出版社,1989.08 |
| 443页;21cm |
| ISBN 7-5035-0138-3:CNY5.70 |
| ● |
| 相关链接 |
|
|
|
|
正题名:毛泽东周恩来刘少奇朱德论党的宣传工作
索取号:D261.5/36
 
预约/预借
| 序号 | 登录号 | 条形码 | 馆藏地/架位号 | 状态 | 备注 |
| 1 | 0226449 | 000380260 | 第一样本阅览室/ [索取号:D261.5/36] | 在馆 |